000 02578nam a22003017a 4500
003 OSt
005 20240528031313.0
008 240528b ||||| |||| 00| 0 eng d
040 _bEnglish.
_cCvSU-CCAT Campus Library.
_erda.
050 _aUM QE 812.08
_bP76 2019
245 _aProduction of body filler from oyster shells (Crassostrea iredalei) /
_cAira Nicole B. De Guia [and three others].
260 _aRosario, Cavite :
_bCavite State University-CCAT Campus,
_c2019.
300 _axiii, 32 leaves :
_billustrations ;
_c28 cm
500 _aA Research Paper (LSHS) -- Cavite State University-CCAT Campus, 2019.
504 _aIncludes bibliographical references and appendices.
520 _aA body filler is a type of constructional sealant which is used to fill fissures on cement and wood surfaces. In this study, the researchers developed a type of body filler from oyster shells combined with talcum powder, dolomite, and paint as binder. Specifically, the study was conducted to produce body filler from oyster shells; describe the physical characteristics of the pulverized oyster shells in terms on density, color, and moisture content; and determine the physical attributes of the body filler made from the oyster shells when mixed with liquid binder in terms of adhesive property, water resistance, texture, color, and curing time. The effects of different formulations of the mixture on the physical properties of the body filler were investigated. Laboratory analysis showed that color of the body filler was classified as GLEY 1 8/N = white. The bulk density was computed to be 0.9167 g/cm³, and the curing time of the body filler is approximately 6-8 hours. The physical assessment of the products showed that the treatment 2 (40% oyster shells) has best adhesive property, treatment 1 (50% oyster shells) has the best texture, and treatment 2 and 3 (30% oyster shells) was best in terms of water resistance. These results showed that the oyster shells can be used as an alternative ingredient in producing body filler.
546 _aIn English text.
650 _aOyster, Fossil.
_913121
650 _aBuilding materials.
_94367
650 _aCements, Adhesive.
_913122
700 _aFiesta, Razel Ann A., author.
_913123
700 _aProdigalidad, Daphnee, author.
_913124
700 _aSotto, Jose Antonio E., author.
_913125
700 _aLim, Bernadette F., adviser.
_913126
700 _aDelos Reyes, Reggie C., technical critic.
_913127
942 _2lcc
_cT/M/D
_hQE 812.08 P76 2019
_kUM
999 _c3496
_d3496